[Event "61st World Juniors 2024"]
[Site "Gandhinagar IND"]
[Date "2024.06.03"]
[Round "2.12"]
[White "Fromm, Marius"]
[Black "Bizhigitov, Zhangir"]
[Result "1/2-1/2"]
[WhiteTitle "IM"]
[BlackTitle "FM"]
[WhiteElo "2465"]
[BlackElo "2212"]
[WhiteFideId "12993190"]
[BlackFideId "13725599"]
[EventDate "2024.06.02"]

1. e4 e6 2. d4 d5 3. Nc3 Nf6 4. e5 Nfd7 5. f4 c5 6. Nf3 Nc6 7. Be3 a6 8. Ne2 Qb6
9. Qc1 Be7 10. c3 O-O 11. h4 f6 12. h5 h6 13. Rh3 a5 14. Rg3 f5 15. Rg6 cxd4 16.
cxd4 Re8 17. Nc3 Nf8 18. Rg3 Bd7 19. Qd2 a4 20. Rc1 Rec8 21. Kf2 Na5 22. Kg1 Nc4
23. Bxc4 Rxc4 24. Ne1 Qa5 25. Nd3 b6 26. a3 Rac8 27. Ne2 Qxd2 28. Bxd2 Rc2 29.
Rd1 Be8 30. Rh3 Nd7 31. Kf1 R2c4 32. Bb4 Bd8 33. Bd6 Nb8 34. Nb4 Nc6 35. Nxc6
Bxc6 36. Nc3 Be8 37. Rd2 b5 38. Bb4 Bb6 39. Ne2 R8c7 40. Kf2 Rc8 41. Bc3 Bd8 42.
Bb4 Bb6 43. Bc3 Bd8 44. Bb4 1/2-1/2

[Event "61st World Juniors 2024"]
[Site "Gandhinagar IND"]
[Date "2024.06.03"]
[Round "2.13"]
[White "Avinash, Ramesh"]
[Black "Quizon, Daniel"]
[Result "1/2-1/2"]
[WhiteTitle "IM"]
[BlackTitle "IM"]
[WhiteElo "2252"]
[BlackElo "2448"]
[WhiteFideId "45018340"]
[BlackFideId "5217911"]
[EventDate "2024.06.02"]

1. e4 c5 2. Nf3 d6 3. d4 cxd4 4. Nxd4 Nf6 5. Nc3 a6 6. Bg5 e6 7. f4 h6 8. Bh4
Be7 9. Qf3 Nbd7 10. O-O-O Qc7 11. Be2 b5 12. Bxf6 gxf6 13. Qh5 Nc5 14. a3 Bd7
15. f5 e5 16. Nd5 Qa7 17. Ne6 Nxe6 18. fxe6 Bxe6 19. Kb1 Bxd5 20. Rxd5 Rb8 21.
Rhd1 Qe3 22. Qf3 Qxf3 23. Bxf3 Rg8 24. R1d3 Kd7 1/2-1/2

[Event "61st World Juniors 2024"]
[Site "Gandhinagar IND"]
[Date "2024.06.03"]
[Round "2.14"]
[White "Ilamparthi, A R"]
[Black "Mukund Hemant Agarwal"]
[Result "1/2-1/2"]
[WhiteTitle "IM"]
[WhiteElo "2446"]
[BlackElo "2196"]
[WhiteFideId "45015775"]
[BlackFideId "25679791"]
[EventDate "2024.06.02"]

1. e4 c5 2. Nf3 d6 3. d4 cxd4 4. Nxd4 Nf6 5. Nc3 Nc6 6. Bg5 e6 7. Qd3 Bd7 8.
O-O-O a6 9. f4 Be7 10. Nf3 h6 11. Bh4 Qc7 12. e5 dxe5 13. fxe5 Nb4 14. Qd2 Nfd5
15. Bxe7 Kxe7 16. Nxd5+ Nxd5 17. Kb1 b5 18. Bd3 Rhc8 19. Rhf1 Rab8 20. Qf2 b4
21. Ng5 Be8 22. Nxf7 Nc3+ 23. Kc1 Nxd1 24. Kxd1 b3 25. axb3 Rxb3 26. cxb3 Qc1+
27. Ke2 Qxb2+ 28. Ke3 Qxf2+ 29. Kxf2 Bxf7 30. Bxa6 Rc2+ 31. Kg3 Bh5 32. b4 Rc3+
33. Kf2 Rb3 34. b5 Be8 35. Rc1 Bxb5 36. Rc7+ 1/2-1/2

[Event "61st World Juniors 2024"]
[Site "Gandhinagar IND"]
[Date "2024.06.03"]
[Round "2.15"]
[White "Vrashank, Chouhan"]
[Black "Pham Tran Gia Phuc"]
[Result "1/2-1/2"]
[WhiteTitle "FM"]
[BlackTitle "FM"]
[WhiteElo "2209"]
[BlackElo "2444"]
[WhiteFideId "25944240"]
[BlackFideId "12415669"]
[EventDate "2024.06.02"]

1. Nf3 d5 2. e3 c5 3. b3 Nf6 4. Bb2 g6 5. c4 dxc4 6. Bxc4 Bg7 7. O-O O-O 8. d4
cxd4 9. Nxd4 Bd7 10. Nd2 Nc6 11. Rc1 Rc8 12. Be2 Nd5 13. Nxc6 Bxc6 14. Bxg7 Kxg7
15. Nc4 f6 16. Qd4 b5 17. Bg4 Rc7 18. Rfd1 Qb8 19. Na5 Ba8 20. Be6 Rxc1 21. Rxc1
Rd8 22. Qc5 Qe5 23. Bxd5 Bxd5 24. h3 a6 25. Nc6 Qg5 26. e4 Bxc6 27. Qxg5 fxg5
28. Rxc6 Rd6 29. Rc7 Kf6 30. e5+ Kxe5 31. Rxe7+ Kd4 32. Rc7 h6 33. g3 Re6 34.
Kf1 Kd3 35. Rc8 b4 36. Rc4 a5 37. Rc5 Ra6 38. Rc4 Kd2 39. Kg2 Kd3 40. Kf1 Rb6
41. Rc5 Ra6 42. Rc4 Rb6 43. Rc5 a4 44. bxa4 Ra6 45. a5 Kd4 46. Rb5 Kc4 47. Re5
Kd4 48. Rb5 1/2-1/2

[Event "61st World Juniors 2024"]
[Site "Gandhinagar IND"]
[Date "2024.06.03"]
[Round "2.16"]
[White "Prraneeth, Vuppala"]
[Black "Md Imran"]
[Result "1-0"]
[WhiteTitle "GM"]
[BlackTitle "FM"]
[WhiteElo "2436"]
[BlackElo "2180"]
[WhiteFideId "46622373"]
[BlackFideId "25748580"]
[EventDate "2024.06.02"]

1. e4 c5 2. c3 e5 3. Nf3 Nc6 4. Bc4 Nf6 5. Ng5 d5 6. exd5 Na5 7. Bb5+ Bd7 8. Qa4
Be7 9. d3 O-O 10. Bxd7 Nxd7 11. Nf3 b5 12. Qc2 Nb6 13. Na3 b4 14. Nc4 Naxc4 15.
dxc4 Nxc4 16. Qd3 Nd6 17. Nxe5 c4 18. Qe2 Bf6 19. Nc6 Qd7 20. Nxb4 Rfe8 21. Be3
Nf5 22. O-O Nxe3 23. fxe3 a5 24. Nc2 Qxd5 25. Rad1 Qe4 26. Na3 Rac8 27. Nb5 Be5
28. Qf3 Qh4 29. g3 Qe7 30. a4 g6 31. Rd5 Bb8 32. Rfd1 Ba7 33. Kg2 Bc5 34. Rd7
Qf8 35. e4 Rc6 36. e5 Rb6 37. Rf1 Re7 38. Rd5 Qc8 39. Rfd1 Kg7 40. Qf4 Rbe6 41.
Re1 Qc6 42. Qf3 f6 43. Qe4 fxe5 44. Qxc4 Rd7 45. Rd1 Rf6 46. Kh3 Qe6+ 47. Qg4
Rxd5 48. Qxe6 Rxd1 49. Qxe5 Bb6 50. c4 Rf1 51. Nd6 Kh6 52. c5 Bc7 53. Qe3+ g5
54. Kg4 1-0

[Event "61st World Juniors 2024"]
[Site "Gandhinagar IND"]
[Date "2024.06.03"]
[Round "2.17"]
[White "Mnyasta, Charlton"]
[Black "Mayank, Chakraborty"]
[Result "0-1"]
[BlackTitle "IM"]
[WhiteElo "2174"]
[BlackElo "2425"]
[WhiteFideId "14343371"]
[BlackFideId "25659766"]
[EventDate "2024.06.02"]

1. e4 e5 2. Nf3 Nc6 3. Bb5 a6 4. Ba4 Nf6 5. O-O Be7 6. Re1 b5 7. Bb3 O-O 8. a4
Bb7 9. d3 d6 10. Bd2 Qd7 11. Nc3 Na5 12. Ba2 c5 13. axb5 axb5 14. Ne2 Nc6 15.
Ng3 d5 16. exd5 Nxd5 17. c3 Ra4 18. Bb3 Rxa1 19. Qxa1 Nf4 20. d4 cxd4 21. cxd4
Nxg2 22. Re4 Nxd4 23. Nxe5 Qh3 24. Bxf7+ Kh8 25. Qf1 Bxe4 26. Nxe4 Qf5 27. Qxg2
Qxe5 28. Qg4 Rxf7 29. Bc3 Qf5 0-1

[Event "61st World Juniors 2024"]
[Site "Gandhinagar IND"]
[Date "2024.06.03"]
[Round "2.18"]
[White "Davtyan, Arsen"]
[Black "Kalyani Sirin"]
[Result "1-0"]
[WhiteTitle "IM"]
[BlackTitle "WFM"]
[WhiteElo "2415"]
[BlackElo "2163"]
[WhiteFideId "13309315"]
[BlackFideId "33323500"]
[EventDate "2024.06.02"]

1. e4 e5 2. Nf3 Nc6 3. Bb5 a6 4. Ba4 Nf6 5. d3 Bc5 6. c3 b5 7. Bb3 d6 8. Bg5 Be6
9. Nbd2 O-O 10. O-O Bb6 11. Re1 Na5 12. Bd5 c6 13. Bxe6 fxe6 14. d4 Qe8 15. Nf1
Ra7 16. Bxf6 Rxf6 17. dxe5 dxe5 18. Ne3 Rd7 19. Qe2 Qh5 20. Rad1 Rdf7 21. Rd3
Nc4 22. Nf1 Rf8 23. b3 Na5 24. h3 Nb7 25. Kh2 Nc5 26. Ng3 Qe8 27. Rd6 Nb7 28.
Rd2 Nd8 29. Rd3 Nf7 30. Red1 Nh8 31. Rd7 Rh6 32. Rb7 Bd8 33. Nxe5 Ng6 34. Ng4
Rh4 35. Rdd7 Be7 36. Qd2 h5 37. Rxe7 Nxe7 38. Qg5 Ng6 39. Ne5 Qc8 40. Rxg7+ Kxg7
41. Qxg6+ Kh8 42. Qh6+ Kg8 43. Qg5+ 1-0

[Event "61st World Juniors 2024"]
[Site "Gandhinagar IND"]
[Date "2024.06.03"]
[Round "2.19"]
[White "Nainys, Zanas"]
[Black "Srihari, L"]
[Result "1-0"]
[BlackTitle "IM"]
[WhiteElo "2153"]
[BlackElo "2400"]
[WhiteFideId "12844098"]
[BlackFideId "46642056"]
[EventDate "2024.06.02"]

1. d4 Nf6 2. c4 g6 3. Nc3 Bg7 4. e4 d6 5. Nf3 O-O 6. Bd3 Bg4 7. Be2 Nfd7 8. Be3
c6 9. O-O a6 10. c5 b5 11. cxb6 Nxb6 12. Rc1 N8d7 13. Na4 Nxa4 14. Qxa4 c5 15.
dxc5 Nxc5 16. Bxc5 dxc5 17. e5 Bxf3 18. Bxf3 Rb8 19. Rxc5 Qb6 20. Rfc1 Qxb2 21.
e6 fxe6 22. Qxa6 Rb6 23. Qa4 Rb4 24. Qc2 Bd4 25. Qxb2 Rxb2 26. R5c2 Rfb8 27. Kf1
Rxc2 28. Rxc2 Rb2 29. Rxb2 Bxb2 30. Ke2 Kf7 31. Kd3 Ke8 32. Bc6+ Kd8 33. Ke4 Kc7
34. Be8 g5 35. Kf3 Bd4 36. Kg3 Kd6 37. f3 Ke5 38. Kg4 Kf6 39. Kh5 Bg1 40. h3 Kf5
41. g4+ Kf6 42. Kh6 e5 43. Bc6 Bf2 44. Be4 e6 45. Kxh7 Bb6 46. Kh6 Bd8 47. h4
gxh4 48. g5+ Kf7 49. g6+ Kg8 50. g7 Bg5+ 51. Kxg5 Kxg7 52. a4 1-0

[Event "61st World Juniors 2024"]
[Site "Gandhinagar IND"]
[Date "2024.06.03"]
[Round "2.20"]
[White "Wafa, Hamed"]
[Black "Nandish V S"]
[Result "1-0"]
[WhiteTitle "IM"]
[WhiteElo "2396"]
[BlackElo "1981"]
[WhiteFideId "10628452"]
[BlackFideId "45084297"]
[EventDate "2024.06.02"]

1. e4 c5 2. Nf3 g6 3. c3 d5 4. e5 Bg4 5. Bb5+ Nd7 6. d4 e6 7. O-O a6 8. Be2 Bxf3
9. Bxf3 cxd4 10. cxd4 Ne7 11. g4 Nc6 12. Nc3 h5 13. gxh5 Qh4 14. Ne2 Bh6 15.
Bxh6 Rxh6 16. Qd2 g5 17. h3 Qxh3 18. Ng3 Qh4 19. Rad1 O-O-O 20. Kg2 Qf4 21. Qe3
Rg8 22. Qc3 f6 23. exf6 Rxf6 24. Be2 Nb8 25. b4 Qd6 26. Rc1 Kd8 27. Rb1 Rgf8 28.
b5 axb5 29. Rxb5 R8f7 30. Rbb1 Qf4 31. Rbd1 Qd6 32. Qe3 Rf4 33. h6 Qf8 34. Qxe6
Rxf2+ 35. Kg1 Nd7 36. Qxd5 g4 37. Rxf2 Rxf2 38. Bxg4 Nb8 39. h7 Rf4 40. Qg5+ Rf6
41. Ne4 Qh6 42. Rf1 Qxg5 43. h8=Q+ 1-0

[Event "61st World Juniors 2024"]
[Site "Gandhinagar IND"]
[Date "2024.06.03"]
[Round "2.21"]
[White "Pawar, Harshit"]
[Black "Anuj, Shrivatri"]
[Result "1/2-1/2"]
[BlackTitle "IM"]
[WhiteElo "2132"]
[BlackElo "2390"]
[WhiteFideId "366130595"]
[BlackFideId "35070924"]
[EventDate "2024.06.02"]

1. e4 c5 2. Nc3 d6 3. f4 g6 4. Nf3 Bg7 5. Bb5+ Bd7 6. Bc4 Nc6 7. O-O e6 8. d3
Nge7 9. Qe1 O-O 10. f5 gxf5 11. Qh4 Nd4 12. Nxd4 cxd4 13. Ne2 fxe4 14. Bg5 f6
15. Rxf6 Bxf6 16. Bxf6 Rxf6 17. Qxf6 d5 18. Rf1 Nf5 19. Rxf5 Qxf6 20. Rxf6 dxc4
21. dxe4 e5 22. Rd6 Bc6 23. c3 d3 24. Ng3 a5 25. b3 Bb5 26. Nf5 cxb3 27. axb3 a4
28. bxa4 Rxa4 29. Kf2 Ra2+ 30. Kf3 Rc2 31. h4 Kf7 32. Rd5 Ba6 33. Ke3 Rxg2 34.
Rxe5 Re2+ 35. Kf4 Kf6 36. Rd5 Rf2+ 37. Ke3 Re2+ 38. Kf4 Rf2+ 39. Ke3 Re2+ 1/2-1/2

[Event "61st World Juniors 2024"]
[Site "Gandhinagar IND"]
[Date "2024.06.03"]
[Round "2.22"]
[White "Daksh Goyal"]
[Black "Domalchuk-Jonasson, Aleksandr"]
[Result "1/2-1/2"]
[BlackTitle "IM"]
[WhiteElo "1948"]
[BlackElo "2380"]
[WhiteFideId "25100149"]
[BlackFideId "14142805"]
[EventDate "2024.06.02"]

1. e4 e6 2. d4 d5 3. Nc3 Bb4 4. e5 c5 5. a3 Bxc3+ 6. bxc3 Qa5 7. Bd2 Qa4 8. Qg4
Kf8 9. Ra2 Nc6 10. Nf3 Nge7 11. h4 b6 12. h5 h6 13. Qf4 Ba6 14. dxc5 Qxf4 15.
Bxf4 Bxf1 16. Rxf1 bxc5 17. Be3 c4 18. Rb2 f6 19. Rb7 Kf7 20. exf6 gxf6 21. Ke2
e5 22. Nh4 d4 23. cxd4 exd4 24. Bf4 Ke6 25. Re1 Ne5 26. Kd2 Rhb8 27. Rxb8 Rxb8
28. Bh2 Kd5 29. f4 N5c6 30. f5 Rb2 31. Kc1 Ra2 32. Re6 Nxf5 33. Rxc6 Nxh4 34.
Rd6+ Kc5 35. Rxf6 c3 36. Kb1 Rb2+ 37. Kc1 Nxg2 38. Rf5+ Kc6 39. Bg1 Ne3 40. Bxe3
dxe3 41. Re5 Ra2 42. Kd1 Rxa3 43. Re6+ Kb5 44. Rxh6 Ra1+ 45. Ke2 Rh1 46. Kxe3 a5
47. Kd4 Rh3 48. Rh8 Ka4 49. Rb8 Ka3 50. Rb3+ Ka2 51. Rxc3 Rxh5 52. Rg3 Rh4+ 53.
Kd5 Rh5+ 54. Kd4 a4 55. c4 a3 56. Kc3 Rh8 57. Rg2+ Kb1 58. Rg1+ Ka2 59. Rg2+ Kb1
60. Rg1+ Ka2 61. Rg2+ Kb1 62. Rg1+ Ka2 1/2-1/2

[Event "61st World Juniors 2024"]
[Site "Gandhinagar IND"]
[Date "2024.06.03"]
[Round "2.23"]
[White "Apoorv Kamble"]
[Black "Sri Charan Sandipagu"]
[Result "1/2-1/2"]
[WhiteTitle "FM"]
[WhiteElo "2369"]
[BlackElo "1924"]
[WhiteFideId "25683012"]
[BlackFideId "25174657"]
[EventDate "2024.06.02"]

1. e4 c5 2. Nf3 d6 3. d4 cxd4 4. Nxd4 Nf6 5. f3 e5 6. Nb3 d5 7. Bg5 d4 8. c3 Nc6
9. Bb5 h6 10. Bxf6 Qxf6 11. cxd4 Bb4+ 12. Nc3 O-O 13. Bxc6 bxc6 14. dxe5 Qxe5
15. Qd4 Qe7 16. O-O Be6 17. Na4 Rfd8 18. Qe3 Bc4 19. Rfd1 Rxd1+ 20. Rxd1 Rd8 21.
Rd4 Rxd4 22. Qxd4 Qg5 23. h4 Qb5 24. Nac5 Bxb3 25. Nxb3 a5 26. Qd8+ Kh7 27. Qd7
Qe2 28. Kh2 Qxb2 29. Qxf7 Qxa2 30. Qf5+ Kh8 31. Qc8+ Kh7 32. Qf5+ Kh8 33. Nd4
Qf2 34. Qc8+ Kh7 35. Qf5+ Kh8 36. Qc8+ Kh7 37. Nf5 Qc5 38. h5 Qe5+ 39. Kh3 a4
40. Qxc6 a3 41. Qg6+ Kh8 42. Qf7 Qf6 43. Qc4 Bf8 44. Nh4 Kh7 45. Ng6 Be7 46. Qc8
Bd8 47. Qd7 Qg5 48. g4 Qf6 49. Kg3 a2 50. Qe8 Bc7+ 51. e5 Qxe5+ 52. Nxe5 a1=Q
53. Qg6+ Kh8 54. Qe8+ Kh7 55. Qg6+ Kh8 56. f4 Qg1+ 57. Kf3 Qf1+ 58. Ke4 Qe2+ 59.
Kf5 Bxe5 60. Qe8+ Kh7 61. Qg6+ Kh8 62. Qe8+ Kh7 63. Qxe5 Qa6 64. g5 g6+ 65.
hxg6+ Qxg6+ 66. Kg4 hxg5 67. Qe7+ Kg8 68. f5 Qf7 69. Qd8+ Qf8 70. Qd5+ Qf7 71.
Qc6 Kh7 72. Qa6 Qg7 73. Qd6 Qh6 74. Qe7+ Kg8 75. Qe8+ Kg7 76. Qd7+ Kg8 77. Qc8+
Kg7 78. Qb7+ Kg8 79. Qa8+ Kg7 80. Qa7+ Kg8 81. Qa8+ Kg7 82. Qb7+ Kg8 83. Qc8+
Kg7 84. Qc7+ Kg8 85. Qc8+ Kg7 1/2-1/2

[Event "61st World Juniors 2024"]
[Site "Gandhinagar IND"]
[Date "2024.06.03"]
[Round "2.25"]
[White "Yohan Yadav Tarala"]
[Black "Panda, Sambit"]
[Result "0-1"]
[BlackTitle "IM"]
[WhiteElo "1810"]
[BlackElo "2363"]
[WhiteFideId "33385300"]
[BlackFideId "25091794"]
[EventDate "2024.06.02"]

1. e4 e6 2. Nc3 d5 3. Nf3 Nf6 4. e5 Nfd7 5. Ne2 c5 6. c3 Nc6 7. d4 Qa5 8. a3
cxd4 9. b4 Qb6 10. cxd4 a5 11. b5 Qxb5 12. Nc3 Qb6 13. Rb1 Qd8 14. Bd3 Be7 15.
h4 f6 16. Rh3 fxe5 17. dxe5 Ndxe5 18. Nxe5 Nxe5 19. Qh5+ Nf7 20. Bb5+ Bd7 21.
Qg4 O-O 22. Nxd5 exd5 23. Qxd7 Bf6 24. Qxd8 Rfxd8 25. Bf4 Nd6 26. Bd3 Re8+ 27.
Kf1 Be5 28. Bd2 Bd4 29. Rf3 b6 30. Rf4 Bc5 31. a4 Rad8 32. Bc3 Rf8 33. Be5 Rxf4
34. Bxf4 Ne4 35. Bxe4 dxe4 36. Be3 Bxe3 37. fxe3 Rd6 38. Ke2 Kf7 39. Rb5 Ke6 40.
g4 Kd7 41. Re5 Re6 42. Rd5+ Kc6 43. Rb5 g6 44. g5 Re7 45. Ke1 Rb7 46. Ke2 Re7
47. Ke1 Re6 48. Ke2 Kb7 49. Rd5 Re7 50. Ke1 Rc7 51. Rd4 b5 52. axb5 Kb6 53. Rxe4
Kxb5 54. Kd2 a4 55. Re8 Ra7 56. Kc3 a3 57. Re5+ Kc6 58. Re6+ Kd5 0-1

[Event "61st World Juniors 2024"]
[Site "Gandhinagar IND"]
[Date "2024.06.03"]
[Round "2.27"]
[White "Ohanyan, Emin"]
[Black "Safarov, Deniel"]
[Result "1-0"]
[WhiteTitle "GM"]
[WhiteElo "2501"]
[BlackElo "2059"]
[WhiteFideId "13312022"]
[BlackFideId "13619802"]
[EventDate "2024.06.02"]

1. d4 Nf6 2. Nf3 d5 3. c4 e6 4. Nc3 a6 5. c5 b6 6. cxb6 c5 7. Bf4 Bd6 8. Bxd6
Qxd6 9. dxc5 Qxc5 10. Qd4 Qd6 11. e4 Nc6 12. Qe3 d4 13. e5 Qb4 14. Nxd4 Nxd4 15.
O-O-O Nf5 16. Qf3 Rb8 17. exf6 Rxb6 18. Rd2 gxf6 19. a3 Qc5 20. Kb1 Bb7 21. Qd1
Rd6 22. Bd3 O-O 23. Qh5 Rfd8 24. Bxf5 exf5 25. Rxd6 Rxd6 26. Qe2 Qe5 27. f3 Qf4
28. Kc2 a5 29. Qe1 Kh8 30. Qe7 Qd2+ 31. Kb1 Kg7 32. Rd1 1-0

[Event "61st World Juniors 2024"]
[Site "Gandhinagar IND"]
[Date "2024.06.03"]
[Round "2.28"]
[White "Matsumura, Cocoro"]
[Black "Aaditya, Dhingra"]
[Result "0-1"]
[BlackTitle "IM"]
[WhiteElo "2032"]
[BlackElo "2495"]
[WhiteFideId "36087114"]
[BlackFideId "25678191"]
[EventDate "2024.06.02"]

1. e4 e5 2. Nf3 Nc6 3. Bb5 a6 4. Ba4 Bc5 5. O-O Nge7 6. Nxe5 Nxe5 7. d4 b5 8.
Bb3 Bxd4 9. Qxd4 d6 10. c3 c5 11. Qe3 O-O 12. f4 Ng4 13. Qg3 c4 14. Bc2 f5 15.
exf5 Nf6 16. Qf3 Bxf5 17. Bxf5 Nxf5 18. g4 Qb6+ 19. Kh1 Nh4 20. Be3 Qc7 21. Qg3
Qc6+ 22. Kg1 Rae8 23. Rf2 Rxe3 24. Qxe3 Re8 25. Qh3 Re1+ 26. Rf1 Nf3+ 27. Kf2
Ne4+ 28. Kg2 Neg5 29. Qg3 Nd2+ 0-1

[Event "61st World Juniors 2024"]
[Site "Gandhinagar IND"]
[Date "2024.06.03"]
[Round "2.29"]
[White "Gharibyan, Mamikon"]
[Black "Gubatayev, Ahmet"]
[Result "0-1"]
[WhiteTitle "GM"]
[WhiteElo "2492"]
[BlackElo "2055"]
[WhiteFideId "13308300"]
[BlackFideId "14004526"]
[EventDate "2024.06.02"]

1. d4 d5 2. c4 e6 3. Nf3 Nf6 4. Nc3 Be7 5. Bg5 O-O 6. e3 Ne4 7. Bxe7 Qxe7 8. Qc2
c6 9. Bd3 f5 10. O-O Nd7 11. Rab1 g5 12. Qe2 g4 13. Nd2 Ndf6 14. f3 Nxd2 15.
Qxd2 Qg7 16. Kh1 Qh6 17. Qf2 Bd7 18. Ne2 Kh8 19. Nf4 Rg8 20. fxg4 dxc4 21. Bxc4
Ne4 22. Qe1 fxg4 23. Bd3 g3 24. h3 Nf2+ 25. Rxf2 gxf2 26. Qxf2 Raf8 27. Kh2 Qg5
28. Rc1 b6 29. b4 Rf6 30. Be4 e5 31. h4 Rh6 32. Kg1 Rxh4 33. dxe5 Qh6 34. g3
Rhg4 35. e6 Rxg3+ 36. Bg2 Be8 37. Qb2+ R8g7 38. Qe5 Qg5 39. Qe4 Qg4 40. Kf1 c5
41. Qa8 Rg8 42. Qd5 Rxe3 43. Qd6 Rf3+ 44. Bxf3 Qxf3+ 45. Ke1 Qe3+ 0-1

[Event "61st World Juniors 2024"]
[Site "Gandhinagar IND"]
[Date "2024.06.03"]
[Round "2.30"]
[White "Singh, Siddharth"]
[Black "Koelle, Tobias"]
[Result "1/2-1/2"]
[BlackTitle "IM"]
[WhiteElo "2050"]
[BlackElo "2470"]
[WhiteFideId "39907023"]
[BlackFideId "16207378"]
[EventDate "2024.06.02"]

1. e4 c5 2. Nf3 d6 3. d4 cxd4 4. Nxd4 Nf6 5. Nc3 a6 6. h3 e6 7. g4 h6 8. Bg2 Be7
9. h4 Nc6 10. g5 hxg5 11. hxg5 Rxh1+ 12. Bxh1 Nh7 13. f4 Nxd4 14. Qxd4 e5 15.
fxe5 Nxg5 16. Qg1 Ne6 17. Be3 dxe5 18. Nd5 Qa5+ 19. c3 Bh4+ 20. Kd2 Qb5 21. b3
Bd7 22. Qh2 Be7 23. Qxe5 Bc6 24. Rg1 O-O-O 25. Qf5 Bf6 26. Kc1 Bxd5 27. exd5 Kb8
28. Qc2 Nc5 29. c4 Qa5 30. Bd2 Qb6 31. Re1 Nd7 32. Bf4+ Ka8 33. Qd2 Rh8 34. Bf3
g5 35. Be3 Qd6 36. Bg1 Ne5 37. Be4 Nd7 38. Bf5 Nc5 39. Qa5 Qg3 40. Qxc5 Qxe1+
41. Kc2 Qe2+ 42. Kc1 Qf1+ 43. Kd2 Qf4+ 44. Kd1 Qf3+ 45. Kc1 Qf1+ 46. Kd2 Qf4+
47. Kd1 Qf3+ 48. Kc1 Qf1+ 49. Kd2 Qf4+ 50. Kd1 Qf1+ 1/2-1/2

[Event "61st World Juniors 2024"]
[Site "Gandhinagar IND"]
[Date "2024.06.03"]
[Round "2.31"]
[White "Shah, Jeet"]
[Black "Vaz, Ethan"]
[Result "1-0"]
[BlackTitle "IM"]
[WhiteElo "1946"]
[BlackElo "2420"]
[WhiteFideId "45012954"]
[BlackFideId "25940783"]
[EventDate "2024.06.02"]

1. e4 e5 2. Nf3 Nc6 3. Bc4 Nf6 4. d3 Be7 5. O-O O-O 6. Re1 d6 7. a3 Na5 8. Ba2
c5 9. Nbd2 Nc6 10. Nf1 Be6 11. Bxe6 fxe6 12. c3 Rc8 13. b4 cxb4 14. axb4 a6 15.
Qb3 Qd7 16. b5 axb5 17. Qxb5 Nb8 18. Qb3 Na6 19. Be3 Ng4 20. d4 exd4 21. cxd4 d5
22. exd5 Qxd5 23. Qxd5 exd5 24. Reb1 Bb4 25. h3 Nxe3 26. Nxe3 Rfd8 27. Rxa6 bxa6
28. Rxb4 a5 29. Ra4 Ra8 30. Nd2 Rdb8 31. Nxd5 Rb2 32. Nc4 Rb5 33. Ne7+ Kf8 34.
Nc6 Ra6 35. N4xa5 Kf7 36. Ra3 Ke6 37. Re3+ Kd6 38. Re5 Rxe5 39. dxe5+ Ke6 40.
Nb7 Rb6 41. Nbd8+ Kd5 42. e6 Kd6 43. e7 Rb1+ 44. Kh2 Re1 45. f4 Kd7 46. f5 Rc1
47. Nf7 Re1 48. Nfe5+ Ke8 49. Nf3 Rc1 50. Nfd4 Rc3 51. g4 h6 52. h4 Rc5 53. g5
hxg5 54. hxg5 Rc3 55. f6 gxf6 56. gxf6 Re3 57. Nf5 Re2+ 58. Kg3 Kf7 59. Kf3 Re1
60. Kf2 Rd1 61. Ne5+ Kxf6 62. e8=Q Kxf5 63. Qh5+ 1-0

[Event "61st World Juniors 2024"]
[Site "Gandhinagar IND"]
[Date "2024.06.03"]
[Round "2.32"]
[White "Sureka Akshat"]
[Black "Fecker, Noah"]
[Result "1-0"]
[BlackTitle "FM"]
[WhiteElo "1972"]
[BlackElo "2390"]
[WhiteFideId "25774492"]
[BlackFideId "1334263"]
[EventDate "2024.06.02"]

1. d4 d5 2. Bg5 f6 3. Bh4 Nh6 4. e3 c5 5. dxc5 e5 6. c4 d4 7. exd4 exd4 8. Bd3
Nc6 9. a3 Ne5 10. Nf3 Nxd3+ 11. Qxd3 Qe7+ 12. Kd1 Bf5 13. Qb3 O-O-O 14. c6 bxc6
15. Nbd2 c5 16. Bg3 Qb7 17. Qxb7+ Kxb7 18. Re1 Bd7 19. Kc2 Nf5 20. Ne4 a5 21. b3
Nxg3 22. hxg3 Be7 23. Neg5 Bf5+ 24. Kd2 Rd7 25. Ne6 g5 26. Ng7 Bg6 27. g4 Bd6
28. Nh5 f5 29. Ne5 Rdd8 30. Nf6 Rhf8 31. Nfd7 Rfe8 32. Nxg6 hxg6 33. Nf6 Re5 34.
Rxe5 Bxe5 35. Nd5 fxg4 36. Re1 Re8 37. Kd3 Kc6 38. Re4 Kd6 39. Rxg4 Rb8 40. Kc2
d3+ 41. Kxd3 Rxb3+ 42. Ke4 Rxa3 43. Rxg5 Bd4 44. Rxg6+ Kd7 45. f4 Ra1 46. Ra6
Kc8 47. f5 Kb7 48. Rb6+ Ka7 49. f6 Rf1 50. Rb5 Ka6 51. Nc7+ Ka7 52. Ne6 Bxf6 53.
Rxa5+ Kb6 54. Rxc5 Re1+ 55. Kf5 Be7 56. Rb5+ Kc6 57. Nd4+ Kc7 58. Re5 Rf1+ 59.
Ke6 Bb4 60. Rg5 Rd1 61. Nf3 Rc1 62. Ne5 Re1 63. Kd5 Rd1+ 64. Ke4 Re1+ 65. Kd3
Rd1+ 66. Ke2 Rd2+ 67. Kf3 Kd6 68. Ng4 Rc2 69. Ne3 Rc3 70. Ke4 Bc5 71. Nf5+ Ke6
72. Nd4+ 1-0

[Event "61st World Juniors 2024"]
[Site "Gandhinagar IND"]
[Date "2024.06.03"]
[Round "2.33"]
[White "Jares, Michal"]
[Black "Kartik Kumar Singh"]
[Result "1-0"]
[WhiteTitle "FM"]
[WhiteElo "2382"]
[BlackElo "2042"]
[WhiteFideId "386839"]
[BlackFideId "46676465"]
[EventDate "2024.06.02"]

1. e4 c5 2. Nf3 d6 3. d4 cxd4 4. Nxd4 Nf6 5. Nc3 g6 6. Be3 Bg7 7. f3 O-O 8. Qd2
Nc6 9. g4 Be6 10. Nxe6 fxe6 11. O-O-O Ne5 12. Be2 Qc8 13. Bh6 Nc4 14. Bxc4 Qxc4
15. h4 b5 16. Bxg7 Kxg7 17. h5 b4 18. hxg6 bxc3 19. Qh6+ Kg8 20. g5 cxb2+ 21.
Kb1 Rac8 22. Rd2 Qc7 23. gxh7+ Kh8 24. g6 1-0

[Event "61st World Juniors 2024"]
[Site "Gandhinagar IND"]
[Date "2024.06.03"]
[Round "2.35"]
[White "Vedant Garg"]
[Black "Smirnov, Mark"]
[Result "1/2-1/2"]
[BlackTitle "CM"]
[WhiteElo "1811"]
[BlackElo "2203"]
[WhiteFideId "33422362"]
[BlackFideId "13764594"]
[EventDate "2024.06.02"]

1. e4 e5 2. Nf3 Nf6 3. Nxe5 d6 4. Nf3 Nxe4 5. d3 Nf6 6. d4 d5 7. Bd3 Bd6 8. O-O
O-O 9. c3 Bg4 10. Bg5 Nbd7 11. Nbd2 c6 12. Qc2 Qc7 13. Rfe1 Rae8 14. h3 Bh5 15.
Rxe8 Rxe8 16. Re1 Rxe1+ 17. Nxe1 h6 18. Be3 Nf8 19. Nef3 Bg6 20. Bxg6 Nxg6 21.
Qd3 Qd7 22. a4 Qe6 23. b4 Ne4 24. Nb3 Nf4 25. Bxf4 Bxf4 26. a5 Ng5 27. Kf1 Qe4
28. Qxe4 Nxe4 29. a6 b6 30. Ne5 Bxe5 31. dxe5 Nxc3 32. Nd4 c5 33. bxc5 bxc5 34.
Nc6 Nb5 35. Ne7+ Kf8 36. Nxd5 Ke8 37. Ke2 Kd7 38. Kd3 Kc6 39. Ne7+ Kd7 40. Nd5
Kc6 41. Ne7+ 1/2-1/2